Caperucita en Manhattan (Record no. 4525)

MARC details
000 -CABECERA
campo de control de longitud fija 03082nam a22002177a 4500
008 - DATOS DE LONGITUD FIJA--INFORMACIÓN GENERAL
campo de control de longitud fija 250311b |||||||| |||| 00| 0 eng d
020 ## - NÚMERO INTERNACIONAL ESTÁNDAR DEL LIBRO
Número Internacional Estándar del Libro 9791035821883
040 ## - FUENTE DE LA CATALOGACIÓN
Centro/agencia transcriptor tbs
041 ## - CÓDIGO DE LENGUA
Código de lengua del texto/banda sonora o título independiente spa
-- fre
050 ## - SIGNATURA TOPOGRÁFICA DE LA BIBLIOTECA DEL CONGRESO
Número de clasificación PQ6623 .A77
Número de documento/Ítem C37 2020
100 ## - ENTRADA PRINCIPAL--NOMBRE DE PERSONA
Nombre de persona Martín Gaite, Carmen
9 (RLIN) 24878
Término indicativo de función/relación author
245 ## - MENCIÓN DE TÍTULO
Título Caperucita en Manhattan
Mención de responsabilidad, etc. / Carmen Martín Gaite.
260 ## - PUBLICACIÓN, DISTRIBUCIÓN, ETC.
Lugar de publicación, distribución, etc. Madrid : Ediciones Siruela, 2020.
300 ## - DESCRIPCIÓN FÍSICA
Extensión 286 pages : illustrations (black and white) ; 22 cm.
490 ## - MENCIÓN DE SERIE
Mención de serie No tan clásicos
505 ## - NOTA DE CONTENIDO CON FORMATO
Nota de contenido con formato Plongez dans la version originale et intégrale d'un grand classique ! Avec la collection No tan Clásicos, lire en espagnol devient un vrai plaisir grâce à : des notes de vocabulaire en marge (en français et en espagnol) — les expressions et mots les plus fréquents utilisés dans l'oeuvre, pour enrichir son vocabulaire et en faciliter la mémorisation — un dossier complet pour comprendre l'oeuvre, ses personnages, ses grands thèmes et son contexte — des quiz pour mémoriser l'essentiel, de façon ludique et active — des activités corrigées, contextualisées, pour réviser le vocabulaire et la grammaire — des vidéos pour s'entraîner à la compréhension orale.
520 ## - SUMARIO, ETC.
Sumario, etc. Il était une fois Sara, petite fille de Brooklyn, qui rêvait d'aller seule à Manhattan rendre visite à sa grand-mère. Munie du plan de la ville, d'une grande imagination et d'une tarte aux fraises, Sara se lance un beau jour à l'aventure. Elle croise en chemin une drôle de dame ainsi qu'un loup pas comme les autres. Avec ce Chaperon rouge aussi tendre que contemporain, vivez une quête d'émancipation pleine d'audace et laissez-vous charmer par d'étranges personnages !
520 ## - SUMARIO, ETC.
Sumario, etc. Once upon a time, there was Sara, a little girl from Brooklyn who dreamed of going to Manhattan alone to visit her grandmother. Armed with a city map, a vivid imagination, and a strawberry pie, Sara one day sets off on her adventure. Along the way, she encounters a peculiar lady and a wolf unlike any other. With this Little Red Riding Hood as tender as it is contemporary, embark on a bold journey of emancipation and let yourself be charmed by strange and enchanting characters!
520 ## - SUMARIO, ETC.
Sumario, etc. Caperucita es un clásico de la literatura sobre la iniciación a la vida adulta, sobre los peligros a los que tenemos que hacer frente y la exigencia de hacerlo en libertad y soledad.<br/><br/><br/><br/>Carmen Martín Gaite nos recrea magistralmente esta historia y la adapta a la sociedad en la que vivimos, con una Caperucita que es una niña de hoy y que se mueve en un bosque muy diferente (Manhattan), aunque también se encontrará con los personajes del famoso cuento, aquí completamente diferentes: miss Lunatic, mister Wolf, etc.<br/><br/><br/><br/>Al leer Caperucita en Manhattan Siruela, 1990), uno de los grandes éxitos de la literatura juvenil, se nos proporciona la ocasión de reflexionar sobre nuestro propio mundo, sobre la manera en que nosotros intentamos cada día ser diferentes y sobre cómo ser nosotros mismos en la sociedad en que nos ha tocado vivir.
942 ## - ELEMENTOS DE ENTRADA AGREGADA (KOHA)
Fuente del sistema de clasificación o colocación Clasificación de Library of Congress
Holdings
Estado de retiro Estado de pérdida Fuente del sistema de clasificación o colocación Estado dañado No para préstamo Biblioteca de origen Biblioteca actual Fecha de adquisición Total de préstamos Signatura topográfica completa Código de barras Fecha visto por última vez Número de copia Precio válido a partir de Tipo de ítem Koha
    Clasificación de Library of Congress     TBS Barcelona TBS Barcelona 11/03/2025   READER-SP MAR B05942 11/03/2025 1 11/03/2025 Teach Yourself Spanish

Powered by Koha